Hydrological sciences bulletin. : Bulletin des sciences hydrologiques.

Bibliographic Details
New Title:Hydrological sciences journal
Previous Title:International Association of Hydrological Sciences. Bulletin of the International Association of Scientific Hydrology
Corporate Author: International Association of Hydrological Sciences
Format: Journal
Language:English
French
Language Notes:English or French.
Published: [Oxford, etc.] : Blackwell Scientific Publications.
Subjects:
Online Availability: Check for online availability

MARC

Tag First Indicator Second Indicator Subfields
LEADER 00000cas a2200000 4500
001 in00000086198
005 20151008062608.0
008 750618d19721981enkqr p 0 a0eng c
010 |a  72625572   |z sn 80000054  
015 |a 011004878  |2 dnb 
016 7 |a 184774-0  |2 DE-600 
016 7 |a 010542405  |2 Uk 
019 |a 2251681  |a 2447479 
022 0 |a 0303-6936  |l 0303-6936  |2 z 
029 1 |a NLGGC  |b 790054361 
029 1 |a NZ1  |b 3755319 
029 1 |a NZ1  |b 3967840 
029 1 |a AU@  |b 000002501005 
029 1 |a AU@  |b 000025061927 
029 1 |a DEBBG  |b BV002579271 
029 1 |a GBVCP  |b 12939095X 
030 |a HYSBAY 
035 |a (OCoLC)ocm01397377 
035 |a (OCoLC)1397377  |z (OCoLC)2251681  |z (OCoLC)2447479 
040 |a NSD  |c NSD  |d OCL  |d NSD  |d OCL  |d NSD  |d OCL  |d WAU  |d NSD  |d IXA  |d MUL  |d NST  |d DLC  |d NST  |d NSD  |d AIP  |d NST  |d AIP  |d OCL  |d NST  |d OCL  |d DLC  |d OCL  |d OCLCQ  |d NLGGC  |d MYG  |d HNK  |d OCLCQ  |d DEBBG  |d GBVCP  |d UKMGB  |d UtOrBLW 
041 0 |a eng  |a fre 
042 |a nsdp  |a pcc  |a premarc 
049 |a TXAM 
050 0 0 |a GB651  |b .I6 
082 0 0 |a 551.4/8/05 
090 |a GB651  |b . I632 
210 0 |a Hydrol. sci. bull. 
222 0 |a Hydrological sciences bulletin 
245 0 0 |a Hydrological sciences bulletin. :  |b Bulletin des sciences hydrologiques. 
246 3 1 |a Bulletin des sciences hydrologiques 
264 1 |a [Oxford, etc.] :  |b Blackwell Scientific Publications. 
300 |a 10 volumes :  |b illustrations ;  |c 24 cm. 
310 |a Quarterly 
336 |a text  |b txt  |2 rdacontent 
337 |a unmediated  |b n  |2 rdamedia 
338 |a volume  |b nc  |2 rdacarrier 
362 0 |a v.17-26; April 1972-Dec. 1981. 
500 |a Volumes for 19 - published by International Association of Hydrological Sciences, for <June 1980- > published by Blackwell Scientific for the International Association of Hydrological Sciences. 
510 0 |a Chemical abstracts  |x 0009-2258 
546 |a English or French. 
650 0 |a Hydrology  |v Periodicals. 
650 1 7 |a Hydrologie.  |2 gtt 
710 2 |a International Association of Hydrological Sciences. 
776 0 8 |i Online version:  |t Hydrological sciences bulletin  |w (OCoLC)187182243 
780 0 0 |a International Association of Hydrological Sciences.  |t Bulletin of the International Association of Scientific Hydrology  |x 0020-6024  |w (DLC)sn 83005060  |w (OCoLC)5524335 
785 0 0 |t Hydrological sciences journal  |x 0262-6667  |w (DLC) 83643669  |w (OCoLC)8293191 
850 |a AzU  |a CaMWU  |a CaOOG  |a CaOTM  |a DLC  |a ICRL  |a KyLoU  |a KyU  |a LU  |a MsU  |a NN  |a NSyU  |a NcCU  |a NcRS  |a NhU  |a NjR  |a OrU  |a PPF  |a ScU  |a TxArU  |a TxDaM  |a TxU  |a ULA  |a ViBlbV  |a ViU  |a VtU 
949 |a updated  |b h  |c 2011/9/27  |e spoltoratski  |f 12:57:43 pm  |g m 
994 |a C0  |b TXA 
999 |a MARS 
999 f f |s aaecd02a-2021-3469-b5e9-efacffbdc418  |i 81d0f7ea-1b9b-3d56-b402-176cde6a7ad3  |t 0 
952 f f |p ric  |a Texas A&M University  |b Rellis Campus  |c Joint Library Facility  |d Remote Storage  |t 0  |e GB651 .I632  |h Library of Congress classification  |i unmediated -- volume  |k v.19  |l 1974  |m A14841239487 
952 f f |p ric  |a Texas A&M University  |b Rellis Campus  |c Joint Library Facility  |d Remote Storage  |t 0  |e GB651 .I632  |h Library of Congress classification  |i unmediated -- volume  |k v.22  |l 1977  |m A14829493023 
952 f f |p ric  |a Texas A&M University  |b Rellis Campus  |c Joint Library Facility  |d Remote Storage  |t 0  |e GB651 .I632  |h Library of Congress classification  |i unmediated -- volume  |k v.18  |l 1973  |m A14841239479 
952 f f |p ric  |a Texas A&M University  |b Rellis Campus  |c Joint Library Facility  |d Remote Storage  |t 0  |e GB651 .I632  |h Library of Congress classification  |i unmediated -- volume  |k v.21  |l 1976  |m A14841239429 
952 f f |p ric  |a Texas A&M University  |b Rellis Campus  |c Joint Library Facility  |d Remote Storage  |t 0  |e GB651 .I632  |h Library of Congress classification  |i unmediated -- volume  |k v.17  |l 1972  |m A14805957217 
952 f f |p ric  |a Texas A&M University  |b Rellis Campus  |c Joint Library Facility  |d Remote Storage  |t 0  |e GB651 .I632  |h Library of Congress classification  |i unmediated -- volume  |k v.20  |l 1975  |m A14819614994 
952 f f |p ric  |a Texas A&M University  |b Rellis Campus  |c Joint Library Facility  |d Remote Storage  |t 0  |e GB651 .I632  |h Library of Congress classification  |i unmediated -- volume  |k v.25  |l 1980  |m A14841239437 
952 f f |p ric  |a Texas A&M University  |b Rellis Campus  |c Joint Library Facility  |d Remote Storage  |t 0  |e GB651 .I632  |h Library of Congress classification  |i unmediated -- volume  |k v.26  |l 1981  |m A14820316761 
952 f f |p ric  |a Texas A&M University  |b Rellis Campus  |c Joint Library Facility  |d Remote Storage  |t 0  |e GB651 .I632  |h Library of Congress classification  |i unmediated -- volume  |k v.24  |l 1979  |m A14841239380 
952 f f |p ric  |a Texas A&M University  |b Rellis Campus  |c Joint Library Facility  |d Remote Storage  |t 0  |e GB651 .I632  |h Library of Congress classification  |i unmediated -- volume  |k v.23  |l 1978  |m A14841239330 
998 f f |a GB651 .I632  |s v.17-26 (1972-1981)  |t 0  |l Remote Storage